| 000 | 00709nam a22002297a 4500 | ||
|---|---|---|---|
| 999 |
_c14575 _d14575 |
||
| 003 | AR-CdUCM | ||
| 008 | 190423b ||||| |||| 00| 0 spa d | ||
| 020 | _a978-1-4454-8413-6 | ||
| 040 |
_aMUNICIPALIDAD PROVINCIAL DEL CUSCO _cBIBLIOTECA MUNICIPAL DEL CUSCO |
||
| 041 | _heng | ||
| 082 |
_aPI / 376.1 / _bP26 |
||
| 110 |
_aParragon Book _933403 |
||
| 245 | _aMi Primera Navidad / | ||
| 260 |
_aBarcelona : _bParragon, _c2012. |
||
| 300 |
_bIlustraciones, _c19 cm. |
||
| 505 | _aContenido: Mi primera navidad. | ||
| 650 |
_aCuentos infantiles _93927 |
||
| 650 |
_aCanciones Navideñas _933404 |
||
| 700 |
_aSalagre Muñoz, Raquel (traductor) _933405 |
||
| 942 |
_2ddc _cLIBROS |
||
| 945 |
_acmm _d2019-04-23 |
||